四国にある駅一覧 - Statistics

General Stats
  • This quiz has been taken 30 times
  • The average score is 99 of 495
Answer Stats
Hint Answer % Correct
JR予讃線 Y-00JR高徳線 T-27 高松
95%
JR予讃線 Y-55JR予讃線 U-00 松山
86%
JR高徳線 T-00JR牟岐線 M-00 徳島
82%
JR土讃線 D-45JR土讃線 K-00 高知
77%
JR予讃線 Y-08 坂出
64%
JR予讃線 Y-09 宇多津
64%
JR予讃線 Y-19 観音寺
64%
JR予讃線 Y-40 今治
64%
JR予讃線 U-28JR予土線 G-47 宇和島
64%
JR鳴門線 N-10 鳴門
64%
JR予讃線 Y-12 | JR土讃線 D-12 多度津
59%
JR予讃線 Y-29 新居浜
59%
JR予讃線 Y-31 | JR予讃線 Y-48 伊予西条
59%
JR土讃線 D-15 琴平
59%
JR予讃線 Y-22 川之江
55%
JR予讃線 Y-23 伊予三島
55%
JR予讃線 U-27JR予土線 G-46 北宇和島
55%
JR土讃線 D-14 善通寺
55%
JR土讃線 D-40土佐くろしお鉄道 ごめん・なはり線 GN-40 後免
55%
高松琴平電鉄 琴平線 K-00高松琴平電鉄 長尾線 N-00 高松築港
50%
高松琴平電鉄 長尾線 N-17 長尾
50%
伊予鉄 高浜線 IY-10伊予鉄 横河原線 IY-10 松山市
50%
土佐くろしお鉄道 宿毛線 TK-47 宿毛
50%
JR予讃線 Y-10 丸亀
45%
JR予讃線 U-18 八幡浜
45%
JR土讃線 D-22JR徳島線 B-25 阿波池田
45%
JR高徳線 T-25 栗林
45%
JR牟岐線 M-12 阿南
45%
土佐くろしお鉄道 ごめん・なはり線 GN-21 奈半利
45%
JR内子線 U-10 内子
41%
JR予讃線 U-14JR予讃線 S-18 伊予大洲
41%
JR予讃線 S-09 下灘
41%
JR土讃線 D-26 小歩危
41%
JR土讃線 D-27 大歩危
41%
JR土讃線 K-07 | とさでん交通 伊野線 伊野
41%
JR土讃線 K-20 須崎
41%
JR土讃線 K-27 窪川
41%
JR高徳線 T-19 志度
41%
JR牟岐線 M-06 南小松島
41%
高松琴平電鉄 琴平線 K-02高松琴平電鉄 長尾線 N-02 高松琴平電鉄 志度線 S-00 瓦町
41%
高松琴平電鉄 琴平線 K-03 栗林公園
41%
高松琴平電鉄 琴平線 K-21 琴電琴平
41%
伊予鉄 横河原線 IY-24 横河原
41%
伊予鉄 郡中線 IY-34 郡中
41%
土佐くろしお鉄道 中村線 TK-40 中村
41%
JR予讃線 Y-01 香西
36%
JR予讃線 Y-11 讃岐塩屋
36%
JR予讃線 Y-26 伊予土居
36%
JR予讃線 Y-33 伊予氷見
36%
JR予讃線 U-05 伊予市
36%
JR予讃線 U-25 伊予吉田
36%
JR予讃線 S-12 伊予長浜
36%
JR土讃線 D-21JR徳島線 B-24
36%
JR土讃線 D-37 土佐山田
36%
JR予土線 G-30 土佐大正
36%
JR高徳線 T-01 佐古
36%
JR高徳線 T-18 オレンジタウン
36%
JR牟岐線 M-01 阿波富田
36%
JR牟岐線 M-24 牟岐
36%
伊予鉄 松山市内線 24 道後温泉
36%
阿佐海岸鉄道 阿佐東線 海部
36%
JR予讃線 臨時駅 津島ノ宮
36%
JR予讃線 Y-02 鬼無
32%
JR予讃線 Y-05 讃岐府中
32%
JR予讃線 Y-14 詫間
32%
JR予讃線 Y-15 みの
32%
JR予讃線 Y-20 豊浜
32%
JR予讃線 Y-24 伊予寒川
32%
JR予讃線 U-03 伊予横田
32%
JR土讃線 D-39 土佐長岡
32%
JR土讃線 D-43 土佐一宮
32%
JR土讃線 K-23 土佐久礼
32%
JR高徳線 T-20 讃岐牟礼
32%
JR牟岐線 M-17 阿波福井
32%
JR牟岐線 M-27阿佐海岸鉄道 阿佐東線 阿波海南
32%
高松琴平電鉄 志度線 S-15 琴電志度
32%
伊予鉄 高浜線 IY-01 高浜
32%
伊予鉄 横河原線 IY-12 いよ立花
32%
伊予鉄 郡中線 IY-35 郡中港
32%
とさでん交通 桟橋線 はりまや橋
32%
JR予讃線 Y-03 端岡
27%
JR予讃線 Y-16 高瀬
27%
JR予讃線 Y-38 伊予桜井
27%
JR予讃線 Y-53 伊予和気
27%
JR予讃線 U-07 伊予大平
27%
JR予讃線 U-16 伊予平野
27%
JR土讃線 D-18 讃岐財田
27%
JR土讃線 D-19 坪尻
27%
JR土讃線 D-36 新改
27%
JR土讃線 K-05 | とさでん交通 伊野線 朝倉
27%
JR予土線 G-28 若井
27%
JR予土線 G-31 土佐昭和
27%
JR予土線 G-34 江川崎
27%
JR高徳線 T-07 板野
27%
JR高徳線 T-10 引田
27%
JR高徳線 T-11 讃岐白鳥
27%
JR高徳線 T-15 讃岐津田
27%
JR高徳線 T-26 栗林公園北口
27%
JR鳴門線 N-07 教会前
27%
JR鳴門線 N-08 金比羅前
27%
JR牟岐線 M-14 阿波橘
27%
JR牟岐線 M-21 日和佐
27%
JR徳島線 B-12
27%
JR徳島線 B-14 阿波山川
27%
JR徳島線 B-22 阿波加茂
27%
高松琴平電鉄 琴平線 K-01高松琴平電鉄 長尾線 N-01 片原町
27%
高松琴平電鉄 琴平線 K-07 空港通り
27%
高松琴平電鉄 琴平線 K-08 一宮
27%
高松琴平電鉄 志度線 S-07 古高松
27%
伊予鉄 高浜線 IY-04 三津
27%
伊予鉄 高浜線 IY-09 大手町
27%
土佐くろしお鉄道 ごめん・なはり線 GN-22 田野
27%
土佐くろしお鉄道 ごめん・なはり線 GN-27 安芸
27%
とさでん交通 ごめん線 | 土佐くろしお鉄道 ごめん・なはり線 GN-39 後免町
27%
とさでん交通 桟橋線 高知駅前
27%
阿佐海岸鉄道 阿佐東線 甲浦
27%
JR予讃線 Y-06 鴨川
23%
JR予讃線 Y-18 本山
23%
JR予讃線 Y-34 伊予小松
23%
JR予讃線 Y-36 壬生川
23%
JR予讃線 Y-39 伊予富田
23%
JR予讃線 Y-44 伊予亀岡
23%
JR予讃線 Y-54 三津浜
23%
JR予讃線 U-08 伊予中山
23%
JR予讃線 U-09 伊予立川
23%
JR予讃線 U-22 卯之町
23%
JR予讃線 S-08 伊予上灘
23%
JR予讃線 S-14 伊予白滝
23%
JR土讃線 D-33 土佐北川
23%
JR土讃線 D-44 薊野
23%
JR土讃線 K-03
23%
JR予土線 G-33 半家
23%
JR予土線 G-44 伊予宮野下
23%
JR高徳線 T-04JR鳴門線 N-04 池谷
23%
JR高徳線 T-12 三本松
23%
JR高徳線 T-22 古高松南
23%
JR徳島線 B-02 蔵本
23%
JR徳島線 B-04 府中
23%
高松琴平電鉄 琴平線 K-04 三条
23%
高松琴平電鉄 琴平線 K-04A 伏石
23%
高松琴平電鉄 琴平線 K-06 仏生山
23%
高松琴平電鉄 琴平線 K-13
23%
高松琴平電鉄 琴平線 K-14 綾川
23%
高松琴平電鉄 琴平線 K-19 羽間
23%
伊予鉄 松山市内線 01 松山市駅
23%
伊予鉄 松山市内線 04 大手町駅前
23%
土佐くろしお鉄道 中村線 TK-30 土佐佐賀
23%
とさでん交通 桟橋線 桟橋通一丁目
23%
とさでん交通 桟橋線 桟橋通二丁目
23%
とさでん交通 桟橋線 桟橋通三丁目
23%
とさでん交通 桟橋線 桟橋通四丁目
23%
とさでん交通 桟橋線 桟橋通五丁目
23%
とさでん交通 ごめん線 デンテツターミナルビル前
23%
とさでん交通 伊野線 朝倉駅前
23%
とさでん交通 伊野線 伊野駅前
23%
阿佐海岸鉄道 阿佐東線 宍喰
23%
伊予鉄 松山市内線 05 JR松山駅前
23%
JR予讃線 Y-04 国分
18%
JR予讃線 Y-07 八十場
18%
JR予讃線 Y-13 海岸寺
18%
JR予讃線 Y-17 比地大
18%
JR予讃線 Y-21 箕浦
18%
JR予讃線 Y-25 赤星
18%
JR予讃線 Y-28 多喜浜
18%
JR予讃線 Y-30 中萩
18%
JR予讃線 Y-41 波止浜
18%
JR予讃線 Y-46 浅海
18%
JR予讃線 Y-51 光洋台
18%
JR予讃線 U-02 北伊予
18%
JR予讃線 U-02-1 南伊予
18%
JR予讃線 U-06JR予讃線 S-06 向井原
18%
JR内子線 U-13 新谷
18%
JR予讃線 U-17 千丈
18%
JR予讃線 U-19 双岩
18%
JR予讃線 U-20 伊予石城
18%
JR予讃線 S-07 高野川
18%
JR予讃線 S-10
18%
JR予讃線 S-13 伊予出石
18%
JR予讃線 S-17 五郎
18%
JR土讃線 D-28 土佐岩原
18%
JR土讃線 D-31 土佐穴内
18%
JR土讃線 D-32 大杉
18%
JR土讃線 D-41 土佐大津
18%
JR土讃線 K-04 高知商業前
18%
JR予土線 G-29 家地川
18%
JR予土線 G-40 近永
18%
JR予土線 G-45 務田
18%
JR高徳線 T-02 吉成
18%
JR高徳線 T-03 勝瑞
18%
JR高徳線 T-08 阿波大宮
18%
JR高徳線 T-09 讃岐相生
18%
JR高徳線 T-23 屋島
18%
JR鳴門線 N-09 撫養
18%
JR牟岐線 M-03 文化の森
18%
JR牟岐線 M-07 阿波赤石
18%
JR牟岐線 M-11 阿波中島
18%
JR牟岐線 M-15 桑野
18%
JR牟岐線 M-16 新野
18%
JR牟岐線 M-25 鯖瀬
18%
JR徳島線 B-05 石井
18%
JR徳島線 B-08 麻植塚
18%
JR徳島線 B-11 阿波川島
18%
JR徳島線 B-16 穴吹
18%
JR徳島線 B-23
18%
高松琴平電鉄 琴平線 K-05 太田
18%
高松琴平電鉄 琴平線 K-09 円座
18%
高松琴平電鉄 琴平線 K-10 岡本
18%
高松琴平電鉄 琴平線 K-11 挿頭丘
18%
高松琴平電鉄 琴平線 K-12 畑田
18%
高松琴平電鉄 琴平線 K-16 羽床
18%
高松琴平電鉄 琴平線 K-20 榎井
18%
高松琴平電鉄 長尾線 N-03 花園
18%
高松琴平電鉄 長尾線 N-07 水田
18%
高松琴平電鉄 志度線 S-03 沖松島
18%
高松琴平電鉄 志度線 S-05 潟元
18%
高松琴平電鉄 志度線 S-06 琴電屋島
18%
伊予鉄 松山市内線 19 大街道
18%
土佐くろしお鉄道 ごめん・なはり線 GN-28 球場前
18%
土佐くろしお鉄道 中村線 TK-29 伊与喜
18%
土佐くろしお鉄道 中村線 TK-31 佐賀公園
18%
土佐くろしお鉄道 中村線 TK-34 土佐上川口
18%
土佐くろしお鉄道 中村線 TK-37 土佐入野
18%
土佐くろしお鉄道 宿毛線 TK-44 工業団地
18%
土佐くろしお鉄道 宿毛線 TK-46 東宿毛
18%
とさでん交通 桟橋線 高知橋
18%
とさでん交通 ごめん線 知寄町三丁目
18%
とさでん交通 ごめん線 知寄町
18%
とさでん交通 ごめん線 知寄町二丁目
18%
JR牟岐線 臨時駅 田井ノ浜
18%
JR予讃線 Y-27 関川
14%
JR予讃線 Y-37 伊予三芳
14%
JR予讃線 Y-42 波方
14%
JR予讃線 Y-43 大西
14%
JR予讃線 Y-45 菊間
14%
JR予讃線 Y-47 大浦
14%
JR予讃線 Y-49 柳原
14%
JR予讃線 U-01 市坪
14%
JR予讃線 U-04 鳥ノ木
14%
JR内子線 U-11 五十崎
14%
JR内子線 U-12 喜多山
14%
JR予讃線 U-15 西大洲
14%
JR予讃線 U-21 上宇和
14%
JR予讃線 U-23 下宇和
14%
JR予讃線 U-26 高光
14%
JR予讃線 S-11 喜多灘
14%
JR予讃線 S-15 八多喜
14%
JR予讃線 S-16 春賀
14%
JR土讃線 D-17 黒川
14%
JR土讃線 D-24 祖谷口
14%
JR土讃線 D-25 阿波川口
14%
JR土讃線 D-35 繁藤
14%
JR土讃線 D-38 山田西町
14%
JR土讃線 K-01 入明
14%
JR土讃線 K-02 円行寺口
14%
JR土讃線 K-06 | とさでん交通 伊野線 枝川
14%
JR土讃線 K-11 岡花
14%
JR土讃線 K-12 土佐加茂
14%
JR土讃線 K-14 佐川
14%
JR土讃線 K-21 土佐新庄
14%
JR予土線 G-32 十川
14%
JR予土線 G-36 真土
14%
JR予土線 G-38 松丸
14%
JR予土線 G-41 深田
14%
JR予土線 G-43 二名
14%
JR高徳線 T-05 坂東
14%
JR高徳線 T-06 阿波川端
14%
JR高徳線 T-21 八栗口
14%
JR高徳線 T-27 昭和町
14%
JR鳴門線 N-05 阿波大谷
14%
JR牟岐線 M-02 二軒屋
14%
JR牟岐線 M-04 地蔵橋
14%
JR牟岐線 M-05 中田
14%
JR牟岐線 M-09 羽ノ浦
14%
JR牟岐線 M-13 見能林
14%
JR牟岐線 M-18 由岐
14%
JR牟岐線 M-19 木岐
14%
JR牟岐線 M-23 辺川
14%
JR徳島線 B-03 鮎喰
14%
JR徳島線 B-06 下浦
14%
JR徳島線 B-07 牛島
14%
JR徳島線 B-09 鴨島
14%
JR徳島線 B-10 西麻植
14%
JR徳島線 B-13 山瀬
14%
JR徳島線 B-15 川田
14%
JR徳島線 B-17 小島
14%
JR徳島線 B-18 貞光
14%
JR徳島線 B-19 阿波半田
14%
JR徳島線 B-21 三加茂
14%
高松琴平電鉄 琴平線 K-15 滝宮
14%
伊予鉄 郡中線 IY-29 | 高松琴平電鉄 琴平線 K-18 岡田
14%
高松琴平電鉄 長尾線 N-04 林道
14%
高松琴平電鉄 長尾線 N-05 木太東口
14%
高松琴平電鉄 長尾線 N-06 元山
14%
高松琴平電鉄 長尾線 N-08 西前田
14%
高松琴平電鉄 長尾線 N-09 高田
14%
高松琴平電鉄 長尾線 N-10 池戸
14%
高松琴平電鉄 長尾線 N-11 農学部前
14%
高松琴平電鉄 長尾線 N-12 平木
14%
高松琴平電鉄 長尾線 N-13 学園通り
14%
高松琴平電鉄 長尾線 N-14 白山
14%
高松琴平電鉄 長尾線 N-15 井戸
14%
高松琴平電鉄 長尾線 N-16 公文明
14%
高松琴平電鉄 志度線 S-01 今橋
14%
高松琴平電鉄 志度線 S-02 松島二丁目
14%
高松琴平電鉄 志度線 S-04 春日川
14%
高松琴平電鉄 志度線 S-08 八栗
14%
高松琴平電鉄 志度線 S-14
14%
伊予鉄 松山市内線 13 鉄砲町
14%
伊予鉄 松山市内線 17 警察署前
14%
伊予鉄 松山市内線 18 勝山町
14%
とさでん交通 伊野線 | 伊予鉄 松山市内線 20 県庁前
14%
伊予鉄 松山市内線 21 市役所前
14%
伊予鉄 松山市内線 25 本町一丁目
14%
伊予鉄 松山市内線 26 本町三丁目
14%
伊予鉄 松山市内線 27 本町四丁目
14%
伊予鉄 松山市内線 28 本町五丁目
14%
伊予鉄 高浜線 IY-02 梅津寺
14%
伊予鉄 横河原線 IY-13 福音寺
14%
伊予鉄 横河原線 IY-14 北久米
14%
伊予鉄 横河原線 IY-15 久米
14%
伊予鉄 横河原線 IY-23 愛大医学部南口
14%
伊予鉄 郡中線 IY-25 土橋
14%
伊予鉄 郡中線 IY-26 土居田
14%
土佐くろしお鉄道 ごめん・なはり線 GN-23 安田
14%
土佐くろしお鉄道ごめん・なはり線 GN-28 あき総合病院前
14%
土佐くろしお鉄道 ごめん・なはり線 GN-31 和食
14%
土佐くろしお鉄道 ごめん・なはり線 GN-37 のいち
14%
土佐くろしお鉄道 中村線 TK-32 土佐白浜
14%
土佐くろしお鉄道 中村線 TK-35 海の王迎
14%
土佐くろしお鉄道 宿毛線 TK-41 具同
14%
土佐くろしお鉄道 宿毛線 TK-42 国見
14%
とさでん交通 桟橋線 桟橋車庫前
14%
とさでん交通 ごめん線 後免東町
14%
とさでん交通 ごめん線 後免中町
14%
とさでん交通 ごめん線 後免西町
14%
とさでん交通 ごめん線 船戸
14%
とさでん交通 ごめん線 介良通
14%
とさでん交通 ごめん線 知寄町一丁目
14%
とさでん交通 ごめん線 菜園場町
14%
とさでん交通 伊野線 大橋通
14%
とさでん交通 伊野線 高知城前
14%
とさでん交通 伊野線 枡形
14%
とさでん交通 伊野線 旭駅前通
14%
とさでん交通 伊野線 伊野商業前
14%
JR予讃線 Y-32 石槌山
9%
JR予讃線 Y-35 玉之江
9%
JR予讃線 Y-50 粟井
9%
JR予讃線 Y-52 堀江
9%
JR予讃線 U-24 立間
9%
JR土讃線 D-16 塩入
9%
JR土讃線 D-20 箸蔵
9%
JR土讃線 D-23 三縄
9%
JR土讃線 D-29 豊永
9%
JR土讃線 D-30 大田口
9%
JR土讃線 D-34 角茂谷
9%
JR土讃線 D-42 布師田
9%
JR土讃線 K-08 波川
9%
JR土讃線 K-09 小村神社前
9%
JR土讃線 K-10 日下
9%
JR土讃線 K-13 西佐川
9%
JR土讃線 K-15 襟野々
9%
JR土讃線 K-16 斗賀野
9%
JR土讃線 K-17 吾桑
9%
JR土讃線 K-18 多ノ郷
9%
JR土讃線 K-19 大間
9%
JR土讃線 K-22 安和
9%
JR土讃線 K-24 影野
9%
JR土讃線 K-25 六反地
9%
JR土讃線 K-26 仁井田
9%
JR予土線 G-35 西ケ方
9%
JR予土線 G-37 吉野生
9%
JR予土線 G-39 出目
9%
JR予土線 G-42 大内
9%
JR高徳線 T-13 丹生
9%
JR高徳線 T-14 鶴羽
9%
JR高徳線 T-16 神前
9%
JR高徳線 T-17 造田
9%
JR高徳線 T-24 木太町
9%
JR鳴門線 N-06 立道
9%
JR牟岐線 M-08 立江
9%
JR牟岐線 M-10 西原
9%
JR牟岐線 M-20 北河内
9%
JR牟岐線 M-22 山河内
9%
JR牟岐線 M-26 浅川
9%
JR徳島線 B-20 江口
9%
高松琴平電鉄 志度線 S-09 六万寺
9%
高松琴平電鉄 志度線 S-10 大町
9%
高松琴平電鉄 志度線 S-11 八栗新道
9%
高松琴平電鉄 志度線 S-12 塩屋
9%
高松琴平電鉄 志度線 S-13 房前
9%
伊予鉄 松山市内線 02 南堀端
9%
伊予鉄 松山市内線 03 西堀端
9%
伊予鉄 松山市内線 06 宮田町
9%
伊予鉄 松山市内線 07 | 伊予鉄 高浜線 IY-08 古町
9%
伊予鉄 松山市内線 08 萱町六丁目
9%
伊予鉄 松山市内線 09伊予鉄 松山市内線 29 本町六丁目
9%
伊予鉄 松山市内線 10 木屋町
9%
伊予鉄 松山市内線 11 高砂町
9%
伊予鉄 松山市内線 12 清水町
9%
伊予鉄 松山市内線 14 赤十字病院前
9%
伊予鉄 松山市内線 15 平和通一丁目
9%
伊予鉄 松山市内線 16 上一万
9%
伊予鉄 松山市内線 22 南町
9%
伊予鉄 松山市内線 23 道後公園
9%
伊予鉄 高浜線 IY-03 港山
9%
伊予鉄 高浜線 IY-05 山西
9%
伊予鉄 高浜線 IY-06 西衣山
9%
伊予鉄 高浜線 IY-07 衣山
9%
伊予鉄 横河原線 IY-11 石手川公園
9%
伊予鉄 横河原線 IY-16 鷹ノ子
9%
伊予鉄 横河原線 IY-17 平井
9%
伊予鉄 横河原線 IY-18 梅本
9%
伊予鉄 横河原線 IY-19 牛渕団地前
9%
伊予鉄 横河原線 IY-20 牛渕
9%
伊予鉄 横河原線 IY-21 田窪
9%
伊予鉄 横河原線 IY-22 見奈良
9%
伊予鉄 郡中線 IY-27 余戸
9%
伊予鉄 郡中線 IY-28 鎌田
9%
伊予鉄 郡中線 IY-30 古泉
9%
伊予鉄 郡中線 IY-31 松前
9%
伊予鉄 郡中線 IY-32 地蔵町
9%
伊予鉄 郡中線 IY-33 新川
9%
土佐くろしお鉄道 ごめん・なはり線 GN-24 唐浜
9%
土佐くろしお鉄道 ごめん・なはり線 GN-25 下山
9%
土佐くろしお鉄道 ごめん・なはり線 GN-26 伊尾木
9%
土佐くろしお鉄道 ごめん・なはり線 GN-29 穴内
9%
土佐くろしお鉄道 ごめん・なはり線 GN-30 赤野
9%
土佐くろしお鉄道 ごめん・なはり線 GN-32 西分
9%
土佐くろしお鉄道 ごめん・なはり線 GN-33 夜須
9%
土佐くろしお鉄道 ごめん・なはり線 GN-34 香我美
9%
土佐くろしお鉄道 ごめん・なはり線 GN-38 立田
9%
土佐くろしお鉄道 中村線 TK-28 荷稲
9%
土佐くろしお鉄道 中村線 TK-33 有井川
9%
土佐くろしお鉄道 中村線 TK-36 浮鞭
9%
土佐くろしお鉄道 中村線 TK-38 西大方
9%
土佐くろしお鉄道 中村線 TK-39 古津賀
9%
土佐くろしお鉄道 宿毛線 TK-43 有岡
9%
土佐くろしお鉄道 宿毛線 TK-45 平田
9%
とさでん交通 桟橋線 蓮池町通
9%
とさでん交通 桟橋線 梅の辻
9%
とさでん交通 ごめん線 東工業前
9%
とさでん交通 ごめん線 住吉通
9%
とさでん交通 ごめん線 篠原
9%
とさでん交通 ごめん線 小篭通
9%
とさでん交通 ごめん線 長崎
9%
とさでん交通 ごめん線 明見橋
9%
とさでん交通 ごめん線 一条橋
9%
とさでん交通 ごめん線 清和学園前
9%
とさでん交通 ごめん線 領石通
9%
とさでん交通 ごめん線 北浦
9%
とさでん交通 ごめん線 鹿児
9%
とさでん交通 ごめん線 田辺島通
9%
とさでん交通 ごめん線 東新木
9%
とさでん交通 ごめん線 新木
9%
とさでん交通 ごめん線 文殊通
9%
とさでん交通 ごめん線 高須
9%
とさでん交通 ごめん線 県立美術館通
9%
とさでん交通 ごめん線 西高須
9%
とさでん交通 ごめん線 葛島橋東詰
9%
とさでん交通 ごめん線 宝永町
9%
とさでん交通 伊野線 堀詰
9%
とさでん交通 伊野線 グランド通
9%
とさでん交通 伊野線 上町一丁目
9%
とさでん交通 伊野線 上町二丁目
9%
とさでん交通 伊野線 上町四丁目
9%
とさでん交通 伊野線 上町五丁目
9%
とさでん交通 伊野線 旭町一丁目
9%
とさでん交通 伊野線 旭町三丁目
9%
とさでん交通 伊野線 蛍橋
9%
とさでん交通 伊野線 鏡川橋
9%
とさでん交通 伊野線 鴨部
9%
とさでん交通 伊野線 曙町東町
9%
とさでん交通 伊野線 曙町
9%
とさでん交通 伊野線 朝倉神社
9%
とさでん交通 伊野線 宮の奥
9%
とさでん交通 伊野線 咥内
9%
とさでん交通 伊野線 宇治団地前
9%
とさでん交通 伊野線 八代通
9%
とさでん交通 伊野線 中山
9%
とさでん交通 伊野線 北内
9%
とさでん交通 伊野線 北山
9%
とさでん交通 伊野線 鳴谷
9%
JR土讃線 D-13 金剛寺
0%
高松琴平電鉄 琴平線 K-17 熊栗
0%
土佐くろしお鉄道 ごめん・なはり線 GN-35 かおか
0%
土佐くろしお鉄道 ごめん・なはり線 GN-36 しかわ
0%
No matching quizzes found
Score Distribution
Percent of People with Each Score
Percentile by Number Answered
Your Score History
You have not taken this quiz